Vista normal
Vista MARC
Entrada Personal Name
Número de registros utilizados en: 1
001 - CONTROL NUMBER
- control field: 16742
003 - CONTROL NUMBER IDENTIFIER
- control field: DLC
005 - DATE AND TIME OF LATEST TRANSACTION
- control field: 20250213091200.0
008 - FIXED-LENGTH DATA ELEMENTS
- fixed length control field: 210104n| azannaabn |a aaa
010 ## - LIBRARY OF CONGRESS CONTROL NUMBER
- LC control number: n 2021000136
035 ## - SYSTEM CONTROL NUMBER
- System control number: (OCoLC)oca13423982
040 ## - CATALOGING SOURCE
- Original cataloging agency: DLC
- Language of cataloging: spa
- Description conventions: rda
- Transcribing agency: Mx-PuUPA
- Modifying agency: NcD
- Modifying agency: Mx-PuUPA
046 ## - SPECIAL CODED DATES
- Birth date: 1987
- Source of date scheme: edtf
053 #4 - LC CLASSIFICATION NUMBER
- Classification number element--single number or beginning number of span: PQ7298.429.O7618
- Institution to which field applies: NcD
100 1# - HEADING--PERSONAL NAME
- Personal name: Sosa, Karina,
- Dates associated with a name: 1987-
370 ## - ASSOCIATED PLACE
- Place of birth: Oaxaca (México)
- Source of term: naf
373 ## - ASSOCIATED GROUP
- Associated group: Proyecto Zopilote Rey
374 ## - OCCUPATION
- Occupation: Ensayista
- Occupation: Poeta
- Occupation: Novelista
- Occupation: Autor
- Occupation: Escritora y editora
- Source of term: lcsh
375 ## - GENDER
- Gender: mujer
377 ## - ASSOCIATED LANGUAGE
- Language code: spa
400 1# - SEE FROM TRACING--PERSONAL NAME
- Personal name: Sosa Castañeda, Karina,
- Dates associated with a name: 1987-
400 1# - SEE FROM TRACING--PERSONAL NAME
- Personal name: Castañeda, Karina Sosa,
- Dates associated with a name: 1987-
670 ## - SOURCE DATA FOUND
- Source citation: Caballo fantasma, 2020:
- Information found: title page (Karina Sosa) front flap (Karina Sosa Castañeda; b. 1987 in Oaxaca, Mexico; founder of Proyecto Zopilote Rey; essayist, poet and novelist)
670 ## - SOURCE DATA FOUND
- Source citation: Caballo fantasma, 2020 [different edition]:
- Information found: t.p. (Karina Sosa Castañeda) p. 113 (b. 1987 in Oaxaca)